Pesos, mides i mesures dels Països Catalans (Registre núm. 53524)

MARC details
000 -LEADER
campo de control de longitud fija 01185aam a2200433a 44500
008 - DATOS DE LONGITUD FIJA--INFORMACIÓN GENERAL
campo de control de longitud fija 930106s1990 cat
017 ## - NÚMERO DE COPYRIGHT O DE DEPÓSITO LEGAL
Número de copyright o de depósito legal B-35736-1990
020 ## - NÚMERO INTERNACIONAL ESTÁNDAR DEL LIBRO
Número Internacional Estándar del Libro 8472563502
041 ## - CÓDIGO DE IDIOMA
Código de lengua del texto/banda sonora o título independiente cat
080 ## - NÚMERO DE LA CLASIFICACIÓN DECIMAL UNIVERSAL
Número de la Clasificación Decimal Universal 389(467)
100 ## - ENTRADA PRINCIPAL--NOMBRE DE PERSONA
Nombre de persona Alsina i Català, C.
9 (RLIN) 63966
245 ## - MENCIÓN DEL TÍTULO
Título Pesos, mides i mesures dels Països Catalans
245 ## - MENCIÓN DEL TÍTULO
Mención de responsabilidad, etc. Claudi Alsina i Català
245 ## - MENCIÓN DEL TÍTULO
Mención de responsabilidad, etc. Gaspar Feliu i Montfort
245 ## - MENCIÓN DEL TÍTULO
Mención de responsabilidad, etc. Lluís Marquet i Ferigle
260 ## - PUBLICACIÓN, DISTRIBUCIÓN, ETC.
Lugar de publicación, distribución, etc. Barcelona
260 ## - PUBLICACIÓN, DISTRIBUCIÓN, ETC.
Nombre del editor, distribuidor, etc. Curial
260 ## - PUBLICACIÓN, DISTRIBUCIÓN, ETC.
Fecha de publicación, distribución, etc. 1990
300 ## - DESCRIPCIÓN FÍSICA
Extensión [431]p.
Dimensiones 18 cm.
490 ## - MENCIÓN DE SERIE
Mención de serie Biblioteca de la Cultura Catalana;
Designación de volumen o secuencia 67
500 ## - NOTA GENERAL
Nota general Bibliografia: p.413-427
520 ## - RESUMEN, ETC.
Nombre de termes aprox. 250
522 ## - NOTA DE ÁMBITO GEOGRÁFICO
Nota de ámbito geográfico Països Catalans
546 ## - NOTA DE IDIOMA
Llengua de les definicions català
591 ## - Codi de font
Codi de font 3161
592 ## - Tipus obra
Tipus d'obra Obra terminològica
593 ## - Codi CGAT
Codi de la CGAT AVA
594 ## - Número de document
Número de document 3161
650 ## - PUNTO DE ACCESO ADICIONAL DE MATERIA--TÉRMINO DE MATERIA
Término de materia o nombre geográfico como elemento de entrada metrologia
9 (RLIN) 61434
650 ## - PUNTO DE ACCESO ADICIONAL DE MATERIA--TÉRMINO DE MATERIA
Término de materia o nombre geográfico como elemento de entrada unitats de mesura
9 (RLIN) 61559
700 ## - ENTRADA AGREGADA--NOMBRE PERSONAL
Nombre de persona Feliu i Montfort, G.
9 (RLIN) 64021
700 ## - ENTRADA AGREGADA--NOMBRE PERSONAL
Nombre de persona Marquet i Ferigle, L.
9 (RLIN) 61154
830 ## - PUNTO DE ACCESO ADICIONAL DE SERIE-TÍTULO UNIFORME
Título uniforme Biblioteca de la Cultura Catalana;
Designación de volumen o secuencia 67
9 (RLIN) 64022
901 ## - ELEMENTOS DE DATOS A LOCAL LDA (RLIN)
c <1990>
902 ## - ELEMENTOS DE DATOS B LOCAL, LDB (RLIN)
a 930106
942 ## - ELEMENTOS DE ENTRADA SECUNDARIOS (KOHA)
Tipo de ítem Koha Monografia
Suprimir en OPAC No
Fons
Estatus retirado Estado de pérdida Estado de daño No para préstamo Biblioteca de origen Biblioteca actual Fecha de adquisición Total de préstamos Signatura topográfica completa Código de barras Visto por última vez Precio de reemplazo Tipo de ítem Koha
        TERMCAT TERMCAT 06/01/1993   ADA 3 02574 30/09/2021 30/09/2021 MO